NTA UGC NET Paper 1 2025-26/ (Record no. 213470)

MARC details
000 -LEADER
fixed length control field 00630nam a22002057a 4500
005 - DATE AND TIME OF LATEST TRANSACTION
control field 20250926113743.0
010 ## - LCCN (DPL NO)
LC control number ENG-146866
020 ## - INTERNATIONAL STANDARD BOOK NUMBER
International Standard Book Number 9789369586363
Terms of availability 699.00
035 ## - SYSTEM CONTROL NUMBER
System control number EN-130398
037 ## - SOURCE OF ACQUISITION
Source of stock number/acquisition DBAD
082 ## - DEWEY DECIMAL CLASSIFICATION NUMBER
Edition number 3
Classification number 000
100 ## - MAIN ENTRY--PERSONAL NAME
Personal name Sharma, Priyanka
245 ## - TITLE STATEMENT
Title NTA UGC NET Paper 1 2025-26/
Remainder of title Priyanka Sharma
250 ## - EDITION STATEMENT
Edition statement 3
260 ## - PUBLICATION, DISTRIBUTION, ETC. (IMPRINT)
Place of publication, distribution, etc Uttar Pradesh
Name of publisher, distributor, etc S. Chand Publishing
Date of publication, distribution, etc 2025
270 ## - ADDRESS
Address D-92, Sector-2, Noida
City Uttar Pradesh
Postal code 201301
Telephone number 61-120-4682700
300 ## - PHYSICAL DESCRIPTION
Extent vpp.
Dimensions 27cm(pb)
500 ## - GENERAL NOTE
General note NET/SET/JRF/Ph.D | Teaching & Research Aptitude
942 ## - ADDED ENTRY ELEMENTS (KOHA)
Source of classification or shelving scheme Dewey Decimal Classification
Item type English Books
Classification part 000
Call number suffix SHA
Holdings
Withdrawn status Lost status Not for loan Collection code Home library Current library Date acquired Source of acquisition Cost, normal purchase price Full call number Barcode Copy number Cost, replacement price Koha item type
      Non-fiction Central Library Central Library 26/09/2025 Delivery of Books Act Division 699.00 000 SHA EN-130398 1 699.00 English Books

© Delhi Public Library
Hit Counter
free hit counter